Trigonometría plana y esférica: con tablas trigonométricas

Պահպանված է:
Մատենագիտական մանրամասներ
Հիմնական հեղինակ: Granville, William Anthony (Հեղինակ)
Ձևաչափ: Գիրք
Լեզու:իսպաներեն
Հրապարակվել է: Ciudad de México Limusa 1999
Խորագրեր:
Ցուցիչներ: Ավելացրեք ցուցիչ
Չկան պիտակներ, Եղեք առաջինը, ով նշում է այս գրառումը!

MARC

LEADER 00000nam a2200000 a 4500
001 UCL5512
003 CL-VaPUC
008 040312e19990000MX |||||||||||||||||spa|d
020 |a 9681841239 
082 0 4 |a 516.24  |b GRA  |2 21 
100 |a Granville, William Anthony  |e author  |9 483222 
245 1 0 |a Trigonometría plana y esférica: con tablas trigonométricas 
300 |a 469 p 
942 |c BK 
945 |d 20040312 00:00:00  |a cmena 
260 |a Ciudad de México  |b Limusa  |c 1999 
650 0 |a Trigonometría   |9 259568 
650 0 |a Logaritmos  |9 260266 
650 7 |a TRIGONOMETRIA PLANA  |2 CL-VaPUC  |9 265659 
650 0 |a Funciones trigonométricas   |9 421678 
650 7 |a TRIGONOMETRIA ESFERICA  |2 CL-VaPUC  |9 265660 
650 7 |a TABLAS LOGARITMICAS  |2 CL-VaPUC  |9 480337 
583 |a last modification  |c 20040312 00:00:00  |k Rodrigo Vera 
999 |c 308043  |d 308041 
952 |0 0  |1 0  |4 0  |6 516_240000000000000_GRA_1999  |7 0  |8 A  |9 374261  |a BIBMAT  |b BIBMAT  |d 2019-11-21  |i 3963667  |o 516.24 GRA 1999  |p 3963667  |r 2025-01-07  |w 2019-11-21  |y BK  |k MAT